Genghis Khan and the making of the modern world /

Bibliographic Details
Main Author: Weatherford, Jack, 1946-
Format: Book
Language:English
Published: New York : Crown, [2004]
Edition:1st ed.
Subjects:
Online Access:Table of contents

MARC

Tag First Indicator Second Indicator Subfields
LEADER 00000pam a2200000 a 4500
001 in00001824521
005 20210626063155.0
008 030916s2004 nyub b 001 0beng
010 |a  2003020659 
020 |a 0609610627 
035 |a (OCoLC)ocm53045282 
040 |a DLC  |c DLC  |d UtOrBLW 
043 |a a-mp--- 
049 |a TXAM 
050 0 0 |a DS22.G45  |b W43 2004 
082 0 0 |a 950/.21/092  |a B  |2 22 
100 1 |a Weatherford, Jack,  |d 1946- 
245 1 0 |a Genghis Khan and the making of the modern world /  |c Jack Weatherford. 
250 |a 1st ed. 
264 1 |a New York :  |b Crown,  |c [2004] 
264 4 |c ©2004 
300 |a xxxv, 312 pages :  |b maps ;  |c 25 cm. 
336 |a text  |b txt  |2 rdacontent 
337 |a unmediated  |b n  |2 rdamedia 
338 |a volume  |b nc  |2 rdacarrier 
504 |a Includes bibliographical references (pages 293-300) and index. 
600 0 0 |a Genghis Khan,  |d 1162-1227. 
650 0 |a Mongols  |x Kings and rulers  |v Biography. 
650 0 |a Mongols  |x History. 
856 4 1 |3 Table of contents  |u http://www.loc.gov/catdir/toc/ecip049/2003020659.html  |t 0 
938 |a Ingram  |b INGR  |n 0609610627 
945 |i PromptCat 
948 |a cataloged  |b h  |c 2004/4/21  |d c  |e dmitchel  |f 12:36:14 pm 
994 |a 92  |b TXA 
999 |a MARS 
999 f f |s d3a56c30-b0e6-3fb8-9b66-fe5a4e50327c  |i 3c1264f8-cc26-3399-a775-956ffa541186  |t 0 
952 f f |p normal  |a Texas A&M University  |b College Station  |c Sterling C. Evans Library  |s Evans stk  |d Evans: Library Stacks  |t 0  |e DS22.G45 W43 2004  |h Library of Congress classification  |i unmediated -- volume  |m A14831164444 
998 f f |a DS22.G45 W43 2004  |t 0  |l Evans: Library Stacks